[Event "EU-ch U12 Girls 30th"]
[Site "Antalya"]
[Date "2022.11.10"]
[Round "5"]
[White "Skramstad, Oda Kofoed"]
[Black "Ismayilova, Khanim"]
[Result "1-0"]
[WhiteElo "1452"]
[BlackElo "1811"]
[PlyCount "99"]
[EventDate "2022.11.06"]
[EventType "swiss"]
[EventRounds "9"]
[EventCountry "TUR"]
[SourceTitle "CBM 211 Extra"]
[Source "ChessBase"]
[SourceDate "2023.01.31"]
[SourceVersion "1"]
[SourceVersionDate "2023.01.31"]
[SourceQuality "1"]

1. d4 d5 2. c4 e6 3. Nc3 Nf6 4. Nf3 Be7 5. Bg5 0-0 6. e3 Nbd7 7. Rc1 a6 8. Bd3 dxc4 9. Bxc4 b5 10. Bd3 Bb7 11. a3 c5 12. dxc5 Nxc5 13. Bb1 Qb6 14. 0-0 Rfd8 15. Qe2 h6 16. Bh4 Bxf3 17. Qxf3 Nb3 18. Rcd1 Nd2 19. Rxd2 Rxd2 20. Qxa8+ Rd8 21. Qf3 b4 22. Ne4 Nxe4 23. Qxe4 f5 24. Qc4 g5 25. Bg3 bxa3 26. bxa3 Rd5 27. Ba2 Kf7 28. h3 h5 29. Qc7 Qxc7 30. Bxc7 Rd7 31. Rc1 Bxa3 32. Rc6 Rd2 33. Bxe6+ Ke7 34. Rxa6 Bb4 35. Bxf5 Bc3 36. Rb6 Rd1+ 37. Kh2 Rd2 38. Rc6 Bf6 39. Rc2 Rd5 40. e4 Rb5 41. Rd2 Bc3 42. Rd7+ Ke8 43. Rh7 Rc5 44. Bd7+ Kf8 45. Bd6+ Kg8 46. Bxc5 Kxh7 47. Be7 Bd2 48. g3 Kg6 49. e5 Be1 50. Kg2 1-0

[Event "World ol U16"]
[Site "Nakhchivan"]
[Date "2022.10.10"]
[Round "9.12"]
[White "Southcott Moyers, Indy"]
[Black "Ismayilova, Khanim"]
[Result "1/2-1/2"]
[WhiteElo "1952"]
[BlackElo "1901"]
[PlyCount "47"]
[EventDate "2022.10.02"]
[EventType "team-swiss"]
[EventRounds "9"]
[EventCountry "AZE"]
[SourceTitle "CBM 210 Extra"]
[Source "ChessBase"]
[SourceDate "2022.11.30"]
[SourceVersion "1"]
[SourceVersionDate "2022.11.30"]
[SourceQuality "1"]
[WhiteTeam "England"]
[BlackTeam "Azerbaijan III"]
[WhiteTeamCountry "ENG"]
[BlackTeamCountry "AZE"]

1. d4 d5 2. c4 e6 3. Nc3 Nf6 4. Bg5 Be7 5. e3 0-0 6. Nf3 Nbd7 7. Be2 dxc4 8. Bxc4 a6 9. 0-0 b5 10. Be2 Bb7 11. Rc1 c5 12. dxc5 Nxc5 13. b4 Nce4 14. Qxd8 Rfxd8 15. Nxe4 Bxe4 16. a3 h6 17. Bf4 Rac8 18. Bc7 Rd7 19. Be5 Rdd8 20. Bc7 Rd7 21. Be5 Rdd8 22. Bc7 Rd7 23. Be5 Rdd8 24. Bc7 1/2-1/2

[Event "World ol U16"]
[Site "Nakhchivan"]
[Date "2022.10.02"]
[Round "1.10"]
[White "Ismayilova, Khanim"]
[Black "Azadaliyev, Jahandar"]
[Result "0-1"]
[WhiteElo "1901"]
[BlackElo "2304"]
[PlyCount "54"]
[EventDate "2022.10.02"]
[EventType "team-swiss"]
[EventRounds "9"]
[EventCountry "AZE"]
[SourceTitle "CBM 210 Extra"]
[Source "ChessBase"]
[SourceDate "2022.11.30"]
[SourceVersion "1"]
[SourceVersionDate "2022.11.30"]
[SourceQuality "1"]
[WhiteTeam "Azerbaijan III"]
[BlackTeam "Azerbaijan II"]
[WhiteTeamCountry "AZE"]
[BlackTeamCountry "AZE"]

1. c4 c5 2. Nc3 Nc6 3. Nf3 Nf6 4. e3 e5 5. d4 e4 6. Ng5 cxd4 7. exd4 Bb4 8. d5 Ne5 9. Be2 h6 10. Nh3 0-0 11. 0-0 d6 12. Nf4 Bf5 13. Qb3 Bxc3 14. Qxc3 Rc8 15. Qb4 Nd3 16. Bxd3 exd3 17. Rd1 Re8 18. b3 Ng4 19. Bb2 Qh4 20. Nh3 Re2 21. Qc3 Ne5 22. Qd4 Re4 23. Qc3 Bxh3 24. gxh3 Qxh3 25. Kh1 Qf3+ 26. Kg1 Rg4+ 27. Kf1 Qe2# 0-1